Baby Names: Top Names by Length (2000s) Quiz Stats

Quiz Updated Sep 8, 2015

Challenge
Share
Tweet
Embed
Score 0/42 Timer 07:00
4 Plays Today
Letters Name % Correct
4 Letter MaleJohn
84.9%
3 Letter Male Ian
84.6%
3 Letter FemaleZoe
83.1%
4 Letter FemaleEmma
76.9%
3 Letter Male Eli
76%
3 Letter FemaleMia
72.8%
7 Letter MaleMichael
71.8%
4 Letter FemaleAnna
71.3%
7 Letter MaleWilliam
70.9%
5 Letter FemaleSarah
70.5%
5 Letter MaleDavid
70.5%
5 Letter FemaleEmily
70.3%
3 Letter FemaleAva
69.9%
7 Letter MaleMatthew
67.6%
6 Letter FemaleHannah
65.8%
9 Letter FemaleElizabeth
63.8%
5 Letter MaleJacob
63.3%
4 Letter MaleRyan
62.8%
8 Letter FemaleIsabella
61.6%
6 Letter MaleDaniel
61.3%
9 Letter FemaleKatherine
60.7%
Letters Name % Correct
4 Letter FemaleElla
60.5%
8 Letter FemaleVictoria
59.2%
4 Letter MaleNoah
57.1%
5 Letter MaleEthan
56.9%
9 Letter MaleAlexander
54.7%
8 Letter MaleNicholas
52.3%
6 Letter MaleAndrew
51.9%
3 Letter Male Max
51.9%
9 Letter MaleNathaniel
51.5%
5 Letter FemaleGrace
49.7%
6 Letter MaleJoshua
49.2%
8 Letter MaleJonathan
47.6%
7 Letter FemaleMadison
46.5%
8 Letter MaleBenjamin
45.5%
8 Letter FemaleSamantha
44.8%
9 Letter FemaleAlexandra
41.3%
7 Letter FemaleAbigail
40.1%
9 Letter MaleChristian
38.2%
6 Letter FemaleAshley
37%
7 Letter FemaleBrianna
30.3%
6 Letter FemaleAlexis
29%

You're not logged in!

Compare scores with friends on all Sporcle quizzes.
Sign Up with Email
OR
Log In

You Might Also Like...

Show Comments

Extras

Top Quizzes Today


Score Distribution

Your Account Isn't Verified!

In order to create a playlist on Sporcle, you need to verify the email address you used during registration. Go to your Sporcle Settings to finish the process.